Подготовка инженерных кадров для автомобильной промышленности: проблемы и пути решения; Инженерное образование; № 19

Bibliographic Details
Parent link:Инженерное образование: электронный научный журнал/ Ассоциация инженерного образования России (АИОР).— : [Б. и.], 2003-.— 1810-2883
№ 19.— 2016.— [С. 134-141]
Main Author: Ушенин А. М. Александр Михайлович
Other Authors: Валеев Д. Х. Данис Хадиевич, Карабцев В. С. Владимир Сергеевич
Summary:Заглавие с титульного листа
В работе обоснована необходимость использования дополнительного инструмента в подготовке инженерных кадров для автомобильной отрасли - мобильного учебного класса "на колесах" со всем необходимым оборудованием и учебно- методической базой. Учебный класс позволит закрепить теоретические знания и привить эффективные навыки командной работы с реальным продуктом на всех этапах его жизненного цикла.
Language:Russian
Published: 2016
Series:Организация образовательного процесса
Subjects:
Online Access:https://old.aeer.ru/files/io/m19/art_21.pdf
Format: Electronic Book Chapter
KOHA link:https://koha.lib.tpu.ru/cgi-bin/koha/opac-detail.pl?biblionumber=564104

MARC

LEADER 00000naa2a2200000 4500
001 564104
005 20250520140610.0
035 |a (RuTPU)RU\TPU\prd\259916 
035 |a RU\TPU\prd\259883 
090 |a 564104 
100 |a 20160704a2016 k y0rusy50 ca 
101 0 |a rus 
102 |a RU 
135 |a drcn ---uucaa 
181 0 |a i  
182 0 |a b 
200 1 |a Подготовка инженерных кадров для автомобильной промышленности: проблемы и пути решения  |b Электронный ресурс  |f А. М. Ушенин, Д. Х. Валеев, В. С. Карабцев 
203 |a Текст  |c электронный 
215 |a 1 файл (397 Кб) 
225 1 |a Организация образовательного процесса 
230 |a Электронные текстовые данные (1 файл : 397 Кб) 
300 |a Заглавие с титульного листа 
320 |a [Библиогр.: с. 141 (6 назв.)] 
330 |a В работе обоснована необходимость использования дополнительного инструмента в подготовке инженерных кадров для автомобильной отрасли - мобильного учебного класса "на колесах" со всем необходимым оборудованием и учебно- методической базой. Учебный класс позволит закрепить теоретические знания и привить эффективные навыки командной работы с реальным продуктом на всех этапах его жизненного цикла. 
461 1 |0 (RuTPU)RU\TPU\prd\176632  |x 1810-2883  |t Инженерное образование  |o электронный научный журнал  |f Ассоциация инженерного образования России (АИОР)  |n [Б. и.]  |d 2003- 
463 1 |0 (RuTPU)RU\TPU\prd\259823  |t № 19  |v [С. 134-141]  |d 2016 
610 1 |a инженерное образование 
610 1 |a электронный ресурс 
610 1 |a компетенции 
610 1 |a инновации 
610 1 |a инженерные кадры 
610 1 |a требования 
700 1 |a Ушенин  |b А. М.  |g Александр Михайлович 
701 1 |a Валеев  |b Д. Х.  |g Данис Хадиевич 
701 1 |a Карабцев  |b В. С.  |g Владимир Сергеевич 
801 1 |a RU  |b 63413507  |c 20090623  |g PSBO 
801 2 |a RU  |b 63413507  |c 20180426  |g PSBO 
856 4 |u https://old.aeer.ru/files/io/m19/art_21.pdf 
942 |c BK